| 000 | 00638nam a22001817a 4500 | ||
|---|---|---|---|
| 008 | 150318b xxu||||| |||| 00| 0 eng d | ||
| 020 | _a06991024332 | ||
| 050 | _aQ175.H393113 1989 | ||
| 100 |
_aHeisenberg, W. _916411 |
||
| 245 |
_aEncounters with Einstein: _band other essays on people, places, and particles _c/by Werner Heisenberg |
||
| 260 |
_aPrinceton, New Jersey _bPrinceton university Press _c1983 |
||
| 300 |
_a141p. ; _c22cm. |
||
| 650 |
_aScience _xHistory _916412 |
||
| 650 |
_aPhysics _xHistory _913654 |
||
| 650 |
_aParticles (nuclear physics) _913723 |
||
| 650 |
_aQuantum theory _xHistory _913415 |
||
| 942 |
_2lcc _cMONOGRAPH |
||
| 999 |
_c122461 _d122461 |
||